000
00315nam a2200133Ia 4500
020
_a
9781422196311
082
_a
31
_b
OCO
100
_a
OCONNELL, Andrew
245
0
_a
Stats & curiosities
260
_a
Boston
_b
Harvard Business School publishing
_c
2013
500
_a
Small box
650
_a
Statistics
942
_c
BK
999
_c
43171
_d
43171